Kanto Region Pokemon - Sudden Death - Statistics

General Stats
  • This quiz has been taken 309 times
  • The average score is 15 of 19
Answers on the Grid
Answers color-coded by a green-red scale on the quiz's grid according to % correct below.
Alakazam
Caterpie
Charizard
Clefairy
Cottonee
Dewgong
Drifloon
Durant
Espathra
Exeggcute
Fearow
Gloom
Grapploct
Hoothoot
Hoppip
Houndoom
Igglybuff
Ivysaur
Marill
Mew
Mewtwo
Misdreavus
Pachirisu
Persian
Pidgeotto
Poliwag
Sandslash
Sawsbuck
Skitty
Slowbro
Venomoth
Weepinbell
Wigglytuff
Wynaut
 
Answer Stats
Answer % Correct
Charizard
95%
Alakazam
92%
Caterpie
92%
Exeggcute
86%
Clefairy
85%
Fearow
81%
Gloom
81%
Ivysaur
80%
Mew
80%
Mewtwo
79%
Pidgeotto
76%
Dewgong
75%
Persian
74%
Sandslash
72%
Weepinbell
72%
Slowbro
71%
Wigglytuff
71%
Poliwag
70%
Venomoth
70%
No matching quizzes found
Score Distribution
Percent of People with Each Score
Percentile by Number Answered
Your Score History
You have not taken this quiz